Uber Lord Byrons "The Giaour" / (Record no. 23943)

MARC details
000 -LEADER
fixed length control field 00650cam a22002291a 4500
001 - CONTROL NUMBER
control field g 01002294
003 - CONTROL NUMBER IDENTIFIER
control field DLC
005 - DATE AND TIME OF LATEST TRANSACTION
control field 20260227111257.0
008 - FIXED-LENGTH DATA ELEMENTS--GENERAL INFORMATION
fixed length control field 850327s1898 gw 000 0 ger
010 ## - LIBRARY OF CONGRESS CONTROL NUMBER
LC control number g 01002294
035 ## - SYSTEM CONTROL NUMBER
System control number (OCoLC)11852775
040 ## - CATALOGING SOURCE
Original cataloging agency DLC
Transcribing agency NSchU
Modifying agency NSchU
-- DLC
042 ## - AUTHENTICATION CODE
Authentication code premarc
050 00 - LIBRARY OF CONGRESS CALL NUMBER
Classification number PR4361
Item number .H6
100 1# - MAIN ENTRY--PERSONAL NAME
Personal name Hoffmann, Karl,
Dates associated with a name 1876-
245 10 - TITLE STATEMENT
Title Uber Lord Byrons "The Giaour" /
Statement of responsibility, etc. von Karl Hoffmann.
260 ## - PUBLICATION, DISTRIBUTION, ETC.
Place of publication, distribution, etc. Halle a. S. :
Name of publisher, distributor, etc. E. Karras,
Date of publication, distribution, etc. 1898.
300 ## - PHYSICAL DESCRIPTION
Extent 64 p. ;
Dimensions 23 cm.
502 ## - DISSERTATION NOTE
Dissertation note Inaug.-diss.-Halle.
500 ## - GENERAL NOTE
General note Vita.
600 10 - SUBJECT ADDED ENTRY--PERSONAL NAME
Personal name Byron, George Gordon Byron,
Titles and other words associated with a name Baron,
Dates associated with a name 1788-1824.
Title of a work Giaour.

No items available.

Powered by Koha